000 00852nam a2200277 a 4500
003 OSt
005 20210818181548.0
008 111010s2010 sp a jr 0001fcspa d
020 _a9788499890951
040 _bspa
041 1 _heng
043 _ae-uk-en
082 0 4 _a823.912
_bO79r
100 1 _aOrwell, George,
_d1903-1950.
245 1 0 _aRebelión en la granja
_cGeorge Orwell ; Epílogo Christopher Hitchens; Traducción Marcial Souto
260 _aBarcelona:
_bPenguin Random House;
_c2013.
300 _a139 páginas;
534 _pTítulo original :
_tAnimal farm.
650 4 _aNovela inglesa.
650 4 _aSocialismo
_v Novela.
650 _aClases sociales
_v Novela.
650 _aCorrupción política
_v Novela.
700 1 _aSouto, Marcial,
_etr.
942 _2ddc
_h823.912 O79r
949 _a
999 _c11209
_d11209